000 00722nam a2200181Ia 4500
008 151202s9999||||xx |||||||||||||| ||und||
082 _bPNVM-47166
100 _aसराफ आनंद.
245 _aप्रकाशयात्री : व्यक्तीचित्रे.
260 _b"न्यूजमन मेडिया सर्व्हिसेस,पुणे."
260 _c2001
300 _a114
600 _aसराफ आनंद.
630 _aप्रकाशयात्री : व्यक्तीचित्रे.
700 _aसराफ आनंद.
730 _aप्रकाशयात्री : व्यक्तीचित्रे.
942 _cBOOK
999 _c1313116
_d1313113